| 000 -LEADER |
| fixed length control field |
01845nam a22004097a 4500 |
| 001 - CONTROL NUMBER |
| control field |
16175747 |
| 003 - CONTROL NUMBER IDENTIFIER |
| control field |
OSt |
| 005 - DATE AND TIME OF LATEST TRANSACTION |
| control field |
20210426083219.0 |
| 008 - FIXED-LENGTH DATA ELEMENTS--GENERAL INFORMATION |
| fixed length control field |
100407s2010 nyuabf b 001 0 eng |
| 010 ## - LIBRARY OF CONGRESS CONTROL NUMBER |
| LC control number |
2010012127 |
| 020 ## - INTERNATIONAL STANDARD BOOK NUMBER |
| International Standard Book Number |
9780670022168 |
| 020 ## - INTERNATIONAL STANDARD BOOK NUMBER |
| International Standard Book Number |
0670022160 |
| 035 ## - SYSTEM CONTROL NUMBER |
| System control number |
(OCoLC)ocn555645059 |
| 040 ## - CATALOGING SOURCE |
| Original cataloging agency |
DLC |
| Transcribing agency |
DLC |
| Modifying agency |
YDX |
| -- |
BTCTA |
| -- |
YDXCP |
| -- |
UPZ |
| -- |
JST |
| -- |
ABG |
| -- |
MOF |
| -- |
CDX |
| -- |
IXA |
| -- |
VP@ |
| -- |
DLC |
| Language of cataloging |
eng |
| 041 ## - LANGUAGE CODE |
| Language code of text/sound track or separate title |
eng |
| 050 00 - LIBRARY OF CONGRESS CALL NUMBER |
| Classification number |
QA99 |
| Item number |
.S45 2010 |
| 080 ## - UNIVERSAL DECIMAL CLASSIFICATION NUMBER |
| Universal Decimal Classification number |
32 |
| Item number |
S-44 |
| 082 00 - DEWEY DECIMAL CLASSIFICATION NUMBER |
| Classification number |
510 |
| Edition number |
22 |
| 100 1# - MAIN ENTRY--PERSONAL NAME |
| Personal name |
Seife, Charles. |
| 245 10 - TITLE STATEMENT |
| Title |
Proofiness : |
| Remainder of title |
the dark arts of mathematical deception / |
| Statement of responsibility, etc. |
/ by: Viking |
| 260 ## - PUBLICATION, DISTRIBUTION, ETC. |
| Place of publication, distribution, etc. |
New York |
| Name of publisher, distributor, etc. |
Viking |
| Date of publication, distribution, etc. |
c2010. |
| 300 ## - PHYSICAL DESCRIPTION |
| Extent |
295 p., [8] p. of plates |
| Other physical details |
ill., maps |
| Dimensions |
22 cm. |
| 365 ## - TRADE PRICE |
| Price amount |
25.95 usd |
| 504 ## - BIBLIOGRAPHY, ETC. NOTE |
| Bibliography, etc. note |
Includes bibliographical references (p. [273]-286) and index. |
| 505 0# - FORMATTED CONTENTS NOTE |
| Formatted contents note |
Proofiness -- Phony facts, phony figures -- Rorschach's demon -- Risky business -- Poll cats -- Electile dysfunction -- An unfair vote -- Alternate realities -- Propaganda by the numbers -- Appendix A. Statistical error -- Appendix B. Electronic voting -- Appendix C. The prosecutor's fallacy. |
| 520 ## - SUMMARY, ETC. |
| Summary, etc. |
The bestselling author of "Zero" shows how mathematical misinformation pervades-- and shapes-- our daily lives |
| 650 #0 - SUBJECT ADDED ENTRY--TOPICAL TERM |
| Topical term or geographic name entry element |
Mathematics |
| Form subdivision |
Miscellanea. |
| 650 #0 - SUBJECT ADDED ENTRY--TOPICAL TERM |
| Topical term or geographic name entry element |
Politics |
| 9 (RLIN) |
443 |
| 650 #0 - SUBJECT ADDED ENTRY--TOPICAL TERM |
| Topical term or geographic name entry element |
Pseudoscience. |
| 653 ## - INDEX TERM--UNCONTROLLED |
| Uncontrolled term |
პოლიტიკა |
| 856 42 - ELECTRONIC LOCATION AND ACCESS |
| Materials specified |
Publisher description |
| Uniform Resource Identifier |
<a href="http://www.loc.gov/catdir/enhancements/fy1107/2010012127-d.html">http://www.loc.gov/catdir/enhancements/fy1107/2010012127-d.html</a> |
| 856 42 - ELECTRONIC LOCATION AND ACCESS |
| Materials specified |
Contributor biographical information |
| Uniform Resource Identifier |
<a href="http://www.loc.gov/catdir/enhancements/fy1107/2010012127-b.html">http://www.loc.gov/catdir/enhancements/fy1107/2010012127-b.html</a> |
| 856 41 - ELECTRONIC LOCATION AND ACCESS |
| Materials specified |
Sample text |
| Uniform Resource Identifier |
<a href="http://www.loc.gov/catdir/enhancements/fy1204/2010012127-s.html">http://www.loc.gov/catdir/enhancements/fy1204/2010012127-s.html</a> |
| 906 ## - LOCAL DATA ELEMENT F, LDF (RLIN) |
| a |
7 |
| b |
cbc |
| c |
orignew |
| d |
1 |
| e |
ecip |
| f |
20 |
| g |
y-gencatlg |
| 942 ## - ADDED ENTRY ELEMENTS (KOHA) |
| Source of classification or shelving scheme |
|
| Koha item type |
Books |